000 00896nam a2200253 i 4500
001 11924
003 ES-MaACL
005 20231213062935.0
007 t|
008 961218s1975 sp ||||1| spa d
020 _a84-369-0453-2
080 _a75 Vicente, Eduardo
080 _a929 Vicente, Eduardo
100 1 _aFlórez, Rafael,
_d1926-2019
_951311
245 1 0 _aEduardo Vicente /
_cRafael Flórez.
260 _aMadrid :
_bMinisterio de Educación y Ciencia, Servicio de Publicaciones,
_cD.L. 1975.
300 _a89 p. :
_bil. ;
_c17 cm.
490 1 _aArtistas españoles contemporaneos ;
_v108
600 1 4 _aVicente, Eduardo.
_9114331
710 1 _aEspaña.
_bMinisterio de Educación y Ciencia.
_93864
830 0 _aArtistas españoles contemporaneos ;
_v108
_9188889
852 _aES-MaACL
_jL-19231
_bR.125477
_q. - Ded. autógr. del autor
999 _c11924
_d11924